লোডিং...

Law of succession

গ্রন্থ-পঞ্জীর বিবরন
প্রধান লেখক: Basu , N D
বিন্যাস: Printed Book
ভাষা:English
প্রকাশিত: N.Delhi Ashoka Law house 1999
সংস্করন:6th ed.
বিষয়গুলি:
LEADER 00525nam a22001697a 4500
003 OSt
008 090515t xxu||||| |||| 00| 0 eng d
080 |a 347.65  |b BAS'99 
100 |a Basu , N D  |9 20622 
245 |a Law of succession  |c revised by P M Bakshi 
250 |a 6th ed. 
260 |a N.Delhi  |b Ashoka Law house  |c 1999 
300 |a 1711p. 
653 |a Law of Succession 
942 |c REF  |6 _ 
999 |c 187677  |d 187677 
952 |0 0  |1 0  |4 0  |6 34765_BAS99  |7 0  |9 241925  |a SLS  |b SLS  |d 2009-05-15  |o 347.65 BAS'99  |p SLS019765  |r 2009-05-15  |w 2009-05-15  |y REF